01326nam a22001817aa4500008004100000020002900041020003000070050002000100245006400120250001900184260003500203260003600238300003600274505071800310650003201028650005001060710003401110151107s2012 sp a|||| |||| 00| 0 spa d a9788426718778 (Marcombo) a9786077075349 (Alfaomega) aT385bA675 2013 aAprender Illustrator CS6b : con 100 ejercicios prácticos a1a. edición  aEspañab : Marcomboc, 2013 aMéxicob : Alfaomegac, 2013 a213 páginasb : ilustraciones aDescubrir el espacioo de trabajo Personalizar el espacio de trabajo Crear documentos Diseñar con mesas de trabajo Tamaño y orientación de páginas Utilizar reglas, guias y cuadrícula Variar el fondo de un documento Seleccionar objetos con herramienta de Selección Seleccionar con el lazo y la varita mágica Desplazar y rotar Variar la escala y distorcionar objetos Copiar y duplicar Expandir, agrupar y desagrupar Bloquear y desbloquear objetos Distribuir y alinear objetos Unir y combinar objetos Crear líneas rectas Crear rectángulos y cuadrados Crear círculos y elipses Dibujar polígonos y estrellas Dibujar arcos Crear espirales Dibujar una cuadrícula Dibujar con la herramienta lápiz10aGRÁFICAS POR COMPUTADORAS20aADOBE ILLUSTRATOR (PROGRAMA PARA COMPUTADORA) aMEDIAactive (FIRMA COMERCIAL)